000 00407nam a22001691a 4500
082 _aM3 (FTr.)
_bLIY/S
100 _aLi Yu
245 _aSexum zennum/
_cby Li Yu
260 _aCalicut:
_bPappiyon,
_c2012.
300 _a314p.
650 _aTranslation Chinese Novel
650 _aNovel Malayalam
650 _aLiterature Malayalam
650 _aLiterature
700 _aMoosakutty N (tr.)
942 _cBK
999 _c41518
_d41518